A separate peace / (Record no. 343512)
[ view plain ]
| 000 -LEADER | |
|---|---|
| fixed length control field | 00421nam a2200181Ia 4500 |
| 008 - FIXED-LENGTH DATA ELEMENTS--GENERAL INFORMATION | |
| fixed length control field | 170918s9999 xx 000 0 und d |
| 020 ## - INTERNATIONAL STANDARD BOOK NUMBER | |
| International Standard Book Number | 9780684833668 |
| 050 ## - LIBRARY OF CONGRESS CALL NUMBER | |
| Item number | K73se 1987 |
| 100 ## - MAIN ENTRY--PERSONAL NAME | |
| Personal name | Knowles, John |
| 245 #2 - TITLE STATEMENT | |
| Title | A separate peace / |
| 245 ## - TITLE STATEMENT | |
| Statement of responsibility, etc | by John Knowles. |
| 260 ## - PUBLICATION, DISTRIBUTION, ETC. (IMPRINT) | |
| Place of publication, distribution, etc | New York : |
| 260 ## - PUBLICATION, DISTRIBUTION, ETC. (IMPRINT) | |
| Name of publisher, distributor, etc | Scribner, |
| 260 ## - PUBLICATION, DISTRIBUTION, ETC. (IMPRINT) | |
| Date of publication, distribution, etc | 1987 |
| 300 ## - PHYSICAL DESCRIPTION | |
| Extent | 204 pages : |
| 300 ## - PHYSICAL DESCRIPTION | |
| Other physical details | illustrations ; |
| 300 ## - PHYSICAL DESCRIPTION | |
| Dimensions | 21cm. |
| Withdrawn status | Lost status | Damaged status | Home library | Current library | Date acquired | Total Checkouts | Full call number | Barcode | Date last seen | Price effective from | Koha item type |
|---|---|---|---|---|---|---|---|---|---|---|---|
| Stonyhurst Southville International School (Malarayat) | Stonyhurst Southville International School (Malarayat) | 09/18/2017 | FIC K73se 1987 | SSISM2584 | 09/18/2017 | 09/18/2017 | Books |